000 00471nam a2200169Ia 4500
008 090711s9999 xx 000 0 und d
082 _b137
100 _aदळवी श्रीकांत
245 _aजीवन मरण
260 _c1997
300 _a250
600 _aदळवी श्रीकांत
630 _aजीवन मरण
700 _aदळवी श्रीकांत
730 _aजीवन मरण
942 _cBOOK
999 _c323778
_d323778